Statistiques concernant Les couples de danse avec les stars

Cliquez ici pour prendre le quiz!

Statistiques générales

  • Ce quiz a été pris 148 fois
  • Le résultat moyen est 48 sur 125

Statistiques - réponses

SaisonsDanseursStars% Correct
Saison 11Elsa BoisMichou
85%
Saison 1Katrina PatchettMatt Pokora
79%
Saison 4Grégoire LyonnetAlizée
77%
Saison 6Denitsa IkonomovaLoïc Nottet
75%
Saison 2Maxime DereymezShy’m
74%
Saison 11Fauve HautotTayc
73%
Saison 11Jordan MouilleracBilal Hassani
72%
Saison 5Denitsa IkonomovaRayane Bensetti
64%
Saison 12Pierre MauduyCarla Lazzari
60%
Saison 9Anthony ColetteIris Mittenaere
59%
Saison 7Denitsa IkonomovaLaurent Maistret
59%
Saison 12Fauve HautotBilly Crawford
58%
Saison 12Inès VandammeFlorent Peyre
58%
Saison 9Denitsa IkonomovaClément Remiens
57%
Saison 6Yann-Alrick MortreuilEnjoyPhoenix
57%
Saison 12Jordan MouilleracEva
57%
Saison 7Marie DenigotArtus
56%
Saison 3Fauve HautotEmmanuel Moire
56%
Saison 12Elsa BoisThomas Da Costa
56%
Saison 11Adrien CabyAurelie Pons
54%
Saison 8Candice PascalAgustin Galiana
53%
Saison 12Anthony ColetteAmandine Petit
53%
Saison 8Marie DenigotLenni-Kim
53%
Saison 12Calisson GoasdouéStéphane Legar
53%
Saison 12Christophe LicataLéa Elui
52%
Saison 12Alizée BoisThéo Fernandez
52%
Saison 11Samuel TexierWejdene
52%
Saison 7Grégoire LyonnetCamille Lou
49%
Saison 3Christophe LicataAmel Bent
48%
Saison 12Katrina PatchettDavid Douillet
48%
Saison 6Christophe LicataPriscilla Betti
48%
Saison 7Christian MiletteValérie Damidot
48%
Saison 4Denitsa IkonomovaLaurent Ournac
46%
Saison 4Yann-Alrick MortreuilTal
46%
Saison 12Adrien CabyAnggun
45%
Saison 12Candice PascalClémence Castel
45%
Saison 11Joël LuzoloLola Dubini
45%
Saison 5Grégoire Lyonnet
Christophe Licata
Nathalie Péchalat
45%
Saison 11Christian MiletteVaimalama Chaves
45%
Saison 10Inès VandammeLadji Doucouré
44%
Saison 7Christophe LicataSylvie Tellier
44%
Saison 11Christophe LicataDita Von Teese
43%
Saison 8Anthony ColetteJoy Esther
43%
Saison 10Denitsa IkonomovaAzize Diabaté
42%
Saison 11Maxime DereymezLâam
42%
Saison 9Maxime DereymezPamela Anderson
42%
Saison 1Maxime DereymezSofia Essaïdi
42%
Saison 7Yann-Alrick MortreuilKarine Ferri
41%
Saison 3Christian MiletteLorie
40%
Saison 11Coralie LicataMoussa
40%
Saison 6Candice PascalOlivier Dion
40%
Saison 4Katrina PatchettBrahim Zaibat
39%
Saison 1Fauve HautotJean-Marie Bigard
39%
Saison 11Anthony ColetteLucie Lucas
39%
Saison 8Hajiba FahmyCamille Lacourt
38%
Saison 8Christian MiletteÉlodie Gossuin
38%
Saison 11Candice PascalGérémy Crédeville
38%
Saison 7Silvia NotargiacomoJulien Lepers
38%
Saison 7Katrina PatchettOlivier Minne
38%
Saison 3Denitsa IkonomovaTaïg Khris
38%
Saison 9Fauve HautotTerence Telle
38%
Saison 4Fauve HautotKeen’V
37%
Saison 2Candice PascalPhilippe Candeloro
37%
Saison 10Fauve HautotSami El Gueddari
37%
Saison 10Anthony ColetteElsa Esnoult
36%
Saison 7Candice PascalFlorent Mothe
36%
Saison 9Christophe LicataHéloïse Martin
36%
Saison 8Christophe LicataTatiana Silva
36%
Saison 9Katrina PatchettBasile Boli
35%
Saison 5Katrina PatchettBrian Joubert
35%
Saison 9Jordan MouilleracCarla Ginola
35%
Saison 7Maxime DereymezCaroline Receveur
35%
Saison 10Emmanuelle BerneYoann Riou
35%
Saison 8Denitsa IkonomovaSinclair
34%
Saison 9Emmanuelle BerneAnouar Toubali
33%
Saison 9Christian MiletteLio
33%
Saison 1Silvia NotargiacomoDavid Ginola
32%
Saison 8Jordan MouilleracHapsatou Sy
32%
Saison 6Emmanuelle BerneThierry Samitier
32%
Saison 9Candice PascalVincent Moscato
32%
Saison 5Fauve HautotMiguel Angel Muñoz
31%
Saison 10Katrina PatchettMoundir
31%
Saison 11Inès VandammeJean-Baptiste Maunier
30%
Saison 6Christian MiletteVeronic DiCaire
30%
Saison 6Julien BrugelFabienne Carat
29%
Saison 4Maxime DereymezLaury Thilleman
29%
Saison 10Christian MiletteLiane Foly
29%
Saison 7Emmanuelle BerneKamel le Magicien
27%
Saison 5Candice PascalCorneille
26%
Saison 6Silvia NotargiacomoDjibril Cissé
26%
Saison 3Silvia NotargiacomoGérard Vives
26%
Saison 1Christophe LicataRossy de Palma
26%
Saison 5Maxime DereymezTonya Kinzinger
26%
Saison 8Katrina PatchettVincent Cerutti
26%
Saison 8Maxime DereymezArielle Dombasle
25%
Saison 10Maxime DereymezClara Morgane
25%
Saison 4Christophe LicataLaëtitia Milot
25%
Saison 10Christophe LicataLinda Hardy
25%
Saison 1Grégoire LyonnetMarthe Mercadier
25%
Saison 2Fauve HautotBaptiste Giabiconi
24%
Saison 9Marie DenigotJeanfi Janssens
24%
Saison 5Julien BrugelJoyce Jonathan
24%
Saison 5Guillaume FoucaultLouisy Joseph
24%
Saison 6Katrina PatchettVincent Niclo
24%
Saison 5Silvia NotargiacomoAnthony Kavanagh
23%
Saison 3Julien BrugelChimène Badi
23%
Saison 4Candice PascalDamien Sargue
23%
Saison 1Julien BrugelAdriana Karembeu
22%
Saison 1Candice PascalAndré Manoukian
22%
Saison 3Candice PascalChristophe Dominici
22%
Saison 2Julien BrugelSheila
22%
Saison 6Maxime DereymezSophie Vouzelaud
22%
Saison 5Christian MiletteElisa Tovati
21%
Saison 10Candice PascalHugo Philip
21%
Saison 4Christian MiletteNoémie Lenoir
21%
Saison 4Silvia NotargiacomoTitoff
21%
Saison 2Grégory GuichardValérie Bègue
21%
Saison 5Christophe LicataOphélie Winter
20%
Saison 2Grégoire LyonnetVeronique Jannot
20%
Saison 2Silvia NotargiacomoFrancis Lalanne
19%
Saison 3Katrina PatchettBastian Baker
18%
Saison 3Grégoire LyonnetLaura Flessel
16%
Saison 2Katrina PatchettCédric Pioline
15%
Saison 3Maxime DereymezEstelle Lefébure
15%
Saison 2Christophe LicataNâdiya
15%

Distribution des résultats

Percentile par nombre de réponses

% des personnes avec chaque résultat

Votre développement - résultats

Vous n’avez pas pris ce quiz